000 00645nam a22001937a 4500
005 20251108173726.0
008 250721s2004 xx 000 0 ara d
020 _a9772861852
082 1 4 _a956.402/داو
100 1 _aداود، محمد عيسى
_eمؤلف
245 1 0 _aالهيكل : ساعة الصفر خطوة الصهاينة القادمة /
264 1 _a(القاهرة) :
_bدار المصطفى للنشر و التوزيع،
_c[2004].
300 _a224 ص.
650 1 7 _aالصهيونيه
650 1 7 _aاسراايل
650 1 7 _aالنزاع العربي الاسراايلي
942 _2ddc
_cBK
999 _c110912
_d110912